AIS & CCS Revised Pay Rules, 2016/ (Record no. 207384)

MARC details
000 -LEADER
fixed length control field 00547nam a22001817a 4500
005 - DATE AND TIME OF LATEST TRANSACTION
control field 20241204105415.0
010 ## - LCCN (DPL NO)
LC control number ENG-142824
020 ## - INTERNATIONAL STANDARD BOOK NUMBER
Terms of availability 325.00
International Standard Book Number 9788193375907
035 ## - SYSTEM CONTROL NUMBER
System control number EN-126356
037 ## - SOURCE OF ACQUISITION
Source of stock number/acquisition DBAD
082 ## - DEWEY DECIMAL CLASSIFICATION NUMBER
Classification number 351.12
245 ## - TITLE STATEMENT
Title AIS & CCS Revised Pay Rules, 2016/
250 ## - EDITION STATEMENT
Edition statement First
260 ## - PUBLICATION, DISTRIBUTION, ETC. (IMPRINT)
Place of publication, distribution, etc New Delhi
Name of publisher, distributor, etc Sumedha Publishing House
Date of publication, distribution, etc 2017
270 ## - ADDRESS
City New Delhi
Address UG- 1, Ansal Chamber-1, 3 Bhikaji Cama Place,
Postal code 110066
Telephone number 26104004
-- 9891591329
300 ## - PHYSICAL DESCRIPTION
Extent 320p.
Dimensions 24cm(pbk)
942 ## - ADDED ENTRY ELEMENTS (KOHA)
Source of classification or shelving scheme Dewey Decimal Classification
Item type English Books
Classification part 351.12
Call number suffix AIS
Holdings
Withdrawn status Lost status Not for loan Collection code Home library Current library Date acquired Source of acquisition Cost, normal purchase price Full call number Barcode Copy number Cost, replacement price Koha item type
      Non-fiction Central Jail Tihar Central Jail Tihar 04/12/2024 DBAD 325.00 351.12 AIS EN-126356 1 325.00 English Books

© Delhi Public Library
Hit Counter
free hit counter